[Event "RUS-chT Rapid Men 2018"]
[Site "Sochi"]
[Date "2018.10.08"]
[Round "5"]
[White "Tsvetkov, Andrey"]
[Black "Nepomniachtchi, Ian"]
[Result "0-1"]
[WhiteElo "2264"]
[BlackElo "2759"]
[Annotator "TA"]
[PlyCount "62"]
[EventDate "2018.10.05"]
[EventType "swiss"]
[EventCountry "RUS"]
[SourceTitle "playchess.com"]
[Source "ChessBase"]
[SourceQuality "1"]

{[%evp 19,62,0,0,0,6,4,0,-35,0,0,0,0,0,0,0,0,10,-29,-22,-43,-33,-237,-239,-281,-85,-85,-80,-81,-85,-157,-151,-150,-120,-554,-62,-570,-568,-554,-535,-556,-558,-611,-604,-612,-595]} 1. d4 Nf6 2. c4 g6 3. Nf3 Bg7 4. e3 O-O 5. Be2 d6 6. Nc3 Nbd7 7. O-O e5 8. b4 Re8 9. Qc2 a5 {E61: King's Indian: Early deviations for White, including Smyslov System} (9... Qe7 10. Bb2 e4 11. Nd2 h5 12. Rac1 h4 13. Rfd1 h3 14. g3 c6 15. Nb3 a6 16. d5 cxd5 17. Nxd5 Nxd5 18. Rxd5 Bxb2 19. Qxb2 {0-1 (41) Lalith,B (2537)-Yu,Y (2724) Caleta 2015}) 10. b5 exd4 {LiveBook: 3 Games} 11. exd4 Nb6 {The position is equal.} 12. Bg5 $146 {[%cal Bc1g5,Bg5h4,Bh4g3][%mdl 32]} ({Predecessor:} 12. h3 Bf5 13. Bd3 Bxd3 14. Qxd3 Rc8 15. Bf4 Nh5 16. Bh2 Qf6 17. Rac1 {0-1 (48) Khadzhiev,V (2208)-Bodnaruk,A (2432) St Petersburg 2017}) 12... h6 13. Bh4 Bf5 14. Bd3 Bg4 15. Rae1 Bxf3 16. gxf3 Qd7 17. Bg3 Rad8 18. Qd2 Nh7 19. Rxe8+ Rxe8 20. c5 $2 ({Better is} 20. h4 $15) 20... dxc5 $1 $19 ({Resist} 20... Ng5 21. Qd1) 21. dxc5 {[#]} Ng5 $2 (21... Nc4 $1 $19 {[%cal Rc4d2][%mdl 512] has better winning chances.} 22. Qc2 (22. Bxc4 Qxd2) 22... Na3) 22. Qd1 $17 Bxc3 23. cxb6 cxb6 {Strongly threatening ...Rd8.} 24. Bc4 {[#]} (24. h4 $142 Rd8 25. hxg5 Qxd3 26. Qxd3 Rxd3 27. gxh6) 24... Qf5 $1 25. Qd5 Qxf3 $40 {[%cal Rg5h3][%mdl 128] Black attacks with force.} 26. Rd1 $2 {[%mdl 8192]} (26. h4 $17 {is more resistant.} Ne4 27. Rd1) 26... Nh3+ $19 27. Kf1 Re4 {[%cal Rf3h1] Black is clearly winning.} 28. Qxf7+ Qxf7 29. Bxf7+ Kxf7 30. Kg2 Ng5 31. h4 Nh7 {Precision: White = 39%, Black = 59%.} 0-1

[Event "RUS-chT Rapid Men 2018"]
[Site "Sochi"]
[Date "2018.10.08"]
[Round "5"]
[White "Nazaretyan, Tigran"]
[Black "Kuzmin, Roman"]
[Result "1-0"]
[WhiteElo "2248"]
[BlackElo "2127"]
[Annotator "NA"]
[PlyCount "89"]
[EventDate "2018.10.05"]
[EventType "swiss"]
[EventCountry "RUS"]
[SourceTitle "playchess.com"]
[Source "ChessBase"]
[SourceQuality "1"]
[TimeControl "900+10"]

1. d4 {[%emt 0:00:00]} Nf6 {[%emt 0:00:00]} 2. c4 {[%emt 0:00:00]} g6 {[%emt 0:00:00]} 3. Nc3 {[%emt 0:00:00]} d5 {[%emt 0:00:00]} 4. Nf3 {[%emt 0:00:00]} Bg7 {[%emt 0:00:00]} 5. Bg5 {[%emt 0:00:00]} Ne4 {[%emt 0:00:00]} 6. Bh4 {[%emt 0:00:00]} Nxc3 {[%emt 0:00:05]} 7. bxc3 {[%emt 0:00:01]} c5 {[%emt 0:00:02]} 8. e3 {[%emt 0:00:15]} O-O {[%emt 0:00:58]} 9. cxd5 {[%emt 0:00:09]} cxd4 {[%emt 0:00:02]} 10. cxd4 {[%emt 0:00:14]} Qxd5 {[%emt 0:00:09]} 11. Bxe7 {[%emt 0:01:11]} Re8 {[%emt 0:00:01]} 12. Bh4 {[%emt 0:01:19]} Bg4 {[%emt 0:00:08]} 13. Be2 {[%emt 0:00:29]} Nc6 {[%emt 0:04:54]} 14. O-O {[%emt 0:00:31]} Rac8 {[%emt 0:01:51]} 15. h3 {[%emt 0:01:03]} Bf5 {[%emt 0:00:25]} 16. Bd3 {[%emt 0:01:04]} Bxd3 {[%emt 0:01:48]} 17. Qxd3 {[%emt 0:00:06]} Nb4 {[%emt 0:00:21]} 18. Qb3 {[%emt 0:00:58]} Qxb3 {[%emt 0:00:54]} 19. axb3 {[%emt 0:00:04]} a6 {[%emt 0:00:02]} 20. Rac1 {[%emt 0:01:19]} Nd3 {[%emt 0:00:05]} 21. Rc4 {[%emt 0:02:45]} Nb2 {[%emt 0:01:13]} 22. Rxc8 {[%emt 0:00:23]} Rxc8 {[%emt 0:00:02]} 23. Rb1 {[%emt 0:01:16]} Nd3 {[%emt 0:00:13]} 24. b4 {[%emt 0:00:14]} Bf8 {[%emt 0:01:11]} 25. b5 {[%emt 0:00:23]} a5 {[%emt 0:00:01]} 26. Kf1 {[%emt 0:01:38]} a4 {[%emt 0:01:04]} 27. Ke2 {[%emt 0:00:04]} Nc1+ {[%emt 0:00:43]} 28. Kd1 {[%emt 0:00:08]} Na2 {[%emt 0:00:29]} 29. Ra1 {[%emt 0:00:35]} Nc3+ {[%emt 0:00:10]} 30. Kd2 {[%emt 0:00:00]} a3 {[%emt 0:00:09]} 31. b6 {[%emt 0:00:38]} Ne4+ {[%emt 0:00:41]} 32. Ke2 {[%emt 0:01:02]} f5 {[%emt 0:00:27]} 33. Ne1 {[%emt 0:00:02]} Bb4 {[%emt 0:01:25]} 34. f3 {[%emt 0:00:04]} Nc3+ {[%emt 0:00:08]} 35. Kd3 {[%emt 0:00:01]} Nb5 {[%emt 0:00:17]} 36. Nc2 {[%emt 0:00:23]} Bc3 {[%emt 0:00:35]} 37. Nxa3 {[%emt 0:00:18]} Bxa1 {[%emt 0:00:18]} 38. Nxb5 {[%emt 0:00:01]} Bb2 {[%emt 0:00:08]} 39. Be7 {[%emt 0:00:10]} Rc6 {[%emt 0:00:07]} 40. Bc5 {[%emt 0:00:05]} Bc1 {[%emt 0:00:13]} 41. Nd6 {[%emt 0:00:33]} Kf8 {[%emt 0:00:18]} 42. Nxb7+ {[%emt 0:00:12]} Ke8 {[%emt 0:00:01]} 43. Na5 {[%emt 0:00:03]} Rc8 {[%emt 0:00:07]} 44. b7 {[%emt 0:00:10]} Rd8 {[%emt 0:00:03]} 45. Nc6 {[%emt 0:00:12]} 1-0

[Event "RUS-chT Rapid Men 2018"]
[Site "Sochi"]
[Date "2018.10.08"]
[Round "5"]
[White "Nuristani, Iman"]
[Black "Demidov, Mikhail"]
[Result "0-1"]
[WhiteElo "2242"]
[BlackElo "2514"]
[Annotator "ChessBase"]
[PlyCount "108"]
[EventDate "2018.10.05"]
[EventType "swiss"]
[EventCountry "RUS"]
[SourceTitle "playchess.com"]
[Source "ChessBase"]
[SourceQuality "1"]
[TimeControl "900+10"]

1. d4 {[%emt 0:00:00]} d5 {[%emt 0:00:00]} 2. c4 {[%emt 0:00:00]} c6 {[%emt 0:00:00]} 3. cxd5 {[%emt 0:00:00]} cxd5 {[%emt 0:00:00]} 4. Bg5 {[%emt 0:00:00]} h6 {[%emt 0:00:36]} 5. Bh4 {[%emt 0:00:00]} Qb6 {[%emt 0:00:13]} 6. Nc3 {[%emt 0:00:00]} e6 {[%emt 0:00:01]} 7. Qd2 {[%emt 0:00:08]} Be7 {[%emt 0:00:08]} 8. Bxe7 {[%emt 0:00:06]} Nxe7 {[%emt 0:00:03]} 9. e3 {[%emt 0:00:31]} Nbc6 {[%emt 0:00:06]} 10. Rc1 {[%emt 0:00:04]} Bd7 {[%emt 0:00:03]} 11. Bd3 {[%emt 0:00:04]} O-O {[%emt 0:00:22]} 12. Nge2 {[%emt 0:00:07]} Na5 {[%emt 0:00:20]} 13. b3 {[%emt 0:00:33]} Rfc8 {[%emt 0:00:10]} 14. O-O {[%emt 0:00:05]} Rc7 {[%emt 0:00:23]} 15. Nf4 {[%emt 0:04:37]} Rac8 {[%emt 0:00:44]} 16. Nce2 {[%emt 0:00:41]} Nac6 {[%emt 0:02:08]} 17. Bb1 {[%emt 0:00:11]} Qb4 {[%emt 0:01:29]} 18. Qb2 {[%emt 0:03:10]} Qd6 {[%emt 0:00:31]} 19. Nd3 {[%emt 0:02:06]} b6 {[%emt 0:00:07]} 20. h4 {[%emt 0:00:15]} Be8 {[%emt 0:00:07]} 21. Nef4 {[%emt 0:00:43]} f6 {[%emt 0:00:13]} 22. Qd2 {[%emt 0:02:49]} e5 {[%emt 0:00:35]} 23. dxe5 {[%emt 0:00:02]} fxe5 {[%emt 0:00:01]} 24. Ne2 {[%emt 0:00:01]} Qf6 {[%emt 0:00:44]} 25. Nb4 {[%emt 0:01:09]} Bf7 {[%emt 0:00:23]} 26. Nxc6 {[%emt 0:00:19]} Nxc6 {[%emt 0:00:04]} 27. h5 {[%emt 0:00:04]} e4 {[%emt 0:00:36]} 28. Ng3 {[%emt 0:00:02]} Qe5 {[%emt 0:00:04]} 29. Qe2 {[%emt 0:00:56]} Ne7 {[%emt 0:00:11]} 30. Rxc7 {[%emt 0:00:30]} Rxc7 {[%emt 0:00:03]} 31. Rd1 {[%emt 0:00:27]} Kh8 {[%emt 0:01:15]} 32. Qg4 {[%emt 0:00:14]} Ng8 {[%emt 0:00:28]} 33. Qf4 {[%emt 0:00:24]} Qxf4 {[%emt 0:00:16]} 34. exf4 {[%emt 0:00:01]} Nf6 {[%emt 0:00:04]} 35. Kh2 {[%emt 0:00:11]} Rc5 {[%emt 0:00:14]} 36. Nf5 {[%emt 0:00:18]} Bxh5 {[%emt 0:00:11]} 37. Rd2 {[%emt 0:00:01]} Bg6 {[%emt 0:00:30]} 38. Ne3 {[%emt 0:00:04]} Bf7 {[%emt 0:00:10]} 39. g4 {[%emt 0:00:05]} g5 {[%emt 0:00:25]} 40. Kg3 {[%emt 0:00:12]} a5 {[%emt 0:00:17]} 41. fxg5 {[%emt 0:00:16]} hxg5 {[%emt 0:00:02]} 42. Rd1 {[%emt 0:00:11]} Be6 {[%emt 0:00:16]} 43. Rd2 {[%emt 0:00:10]} Kg7 {[%emt 0:00:30]} 44. Bc2 {[%emt 0:00:05]} Rc3 {[%emt 0:00:05]} 45. Bd1 {[%emt 0:00:03]} b5 {[%emt 0:00:43]} 46. Be2 {[%emt 0:00:06]} b4 {[%emt 0:00:02]} 47. Kg2 {[%emt 0:00:37]} Kf7 {[%emt 0:00:11]} 48. Bd1 {[%emt 0:00:08]} Ke7 {[%emt 0:00:24]} 49. Be2 {[%emt 0:00:03]} Kd6 {[%emt 0:01:36]} 50. Nd1 {[%emt 0:00:09]} Rc1 {[%emt 0:00:18]} 51. Ne3 {[%emt 0:00:02]} Ke5 {[%emt 0:00:09]} 52. Kg3 {[%emt 0:00:28]} d4 {[%emt 0:00:24]} 53. Nc4+ {[%emt 0:00:10]} Bxc4 {[%emt 0:00:02]} 54. Bxc4 {[%emt 0:00:08]} Rc3+ {[%emt 0:00:03]} 0-1

[Event "RUS-chT Rapid Men 2018"]
[Site "Sochi"]
[Date "2018.10.08"]
[Round "5"]
[White "Taysayev, Timur"]
[Black "Pingin, Artem"]
[Result "0-1"]
[WhiteElo "2225"]
[BlackElo "1981"]
[Annotator "NA"]
[PlyCount "57"]
[EventDate "2018.10.05"]
[EventType "swiss"]
[EventCountry "RUS"]
[SourceTitle "playchess.com"]
[Source "ChessBase"]
[SourceQuality "1"]
[TimeControl "900+10"]

1. e4 {[%emt 0:00:00]} c5 {[%emt 0:00:00]} 2. Nf3 {[%emt 0:00:00]} e6 {[%emt 0:00:00]} 3. d4 {[%emt 0:00:22]} cxd4 {[%emt 0:00:00]} 4. Nxd4 {[%emt 0:00:01]} Nf6 {[%emt 0:00:05]} 5. Nc3 {[%emt 0:00:01]} d6 {[%emt 0:00:02]} 6. Bc4 {[%emt 0:00:20]} Be7 {[%emt 0:00:11]} 7. Qe2 {[%emt 0:00:14]} a6 {[%emt 0:00:09]} 8. g4 {[%emt 0:00:02]} h6 {[%emt 0:00:32]} 9. Rg1 {[%emt 0:00:08]} b5 {[%emt 0:00:18]} 10. Bb3 {[%emt 0:00:17]} Bb7 {[%emt 0:00:03]} 11. Bxe6 {[%emt 0:00:46]} fxe6 {[%emt 0:03:04]} 12. Nxe6 {[%emt 0:00:02]} Qc8 {[%emt 0:00:22]} 13. Nxg7+ {[%emt 0:00:24]} Kf7 {[%emt 0:00:01]} 14. Nf5 {[%emt 0:00:07]} Bf8 {[%emt 0:00:10]} 15. Bxh6 {[%emt 0:03:45]} Rxh6 {[%emt 0:05:00]} 16. Nxh6+ {[%emt 0:00:16]} Bxh6 {[%emt 0:00:01]} 17. g5 {[%emt 0:00:03]} Qg8 {[%emt 0:00:31]} 18. f4 {[%emt 0:01:02]} Bf8 {[%emt 0:00:29]} 19. O-O-O {[%emt 0:00:07]} Nfd7 {[%emt 0:00:29]} 20. e5 {[%emt 0:02:58]} dxe5 {[%emt 0:00:09]} 21. f5 {[%emt 0:00:48]} Bc5 {[%emt 0:00:31]} 22. Rg3 {[%emt 0:01:46]} Kf8 {[%emt 0:02:17]} 23. f6 {[%emt 0:00:29]} Qg6 {[%emt 0:02:42]} 24. h4 {[%emt 0:00:17]} b4 {[%emt 0:01:25]} 25. Na4 {[%emt 0:03:51]} Ba7 {[%emt 0:00:22]} 26. Qc4 {[%emt 0:00:30]} Bc6 {[%emt 0:00:07]} 27. Qxb4+ {[%emt 0:00:19]} Kg8 {[%emt 0:00:04]} 28. Nc3 {[%emt 0:00:24]} Bf2 {[%emt 0:00:06]} 29. Rgd3 0-1

[Event "RUS-chT Rapid Men 2018"]
[Site "Sochi"]
[Date "2018.10.08"]
[Round "5"]
[White "Garifullina, Leya"]
[Black "Basiev, Valeriy P."]
[Result "1-0"]
[WhiteElo "2106"]
[BlackElo "1990"]
[Annotator "NA"]
[PlyCount "58"]
[EventDate "2018.10.05"]
[EventType "swiss"]
[EventCountry "RUS"]
[SourceTitle "playchess.com"]
[Source "ChessBase"]
[SourceQuality "1"]
[TimeControl "900+10"]

1. e4 {[%emt 0:00:00]} Nf6 {[%emt 0:00:00]} 2. e5 {[%emt 0:00:00]} Nd5 {[%emt 0:00:00]} 3. c4 {[%emt 0:00:00]} Nb6 {[%emt 0:00:00]} 4. d4 {[%emt 0:00:00]} d6 {[%emt 0:00:00]} 5. exd6 {[%emt 0:00:00]} cxd6 {[%emt 0:00:24]} 6. Nc3 {[%emt 0:00:00]} g6 {[%emt 0:00:05]} 7. Be3 {[%emt 0:00:02]} Bg7 {[%emt 0:00:02]} 8. Rc1 {[%emt 0:00:01]} Nc6 {[%emt 0:00:34]} 9. d5 {[%emt 0:00:14]} Ne5 {[%emt 0:00:26]} 10. Be2 {[%emt 0:00:07]} O-O {[%emt 0:00:07]} 11. b3 {[%emt 0:00:01]} h5 {[%emt 0:05:51]} 12. h3 {[%emt 0:00:09]} e6 {[%emt 0:02:14]} 13. dxe6 {[%emt 0:00:58]} fxe6 {[%emt 0:01:49]} 14. Nf3 {[%emt 0:00:23]} a6 {[%emt 0:00:54]} 15. O-O {[%emt 0:00:49]} Qc7 {[%emt 0:00:24]} 16. Nxe5 {[%emt 0:00:14]} Bxe5 {[%emt 0:00:04]} 17. Ne4 {[%emt 0:00:37]} Rd8 {[%emt 0:01:20]} 18. Bg5 {[%emt 0:00:25]} Bd7 {[%emt 0:01:03]} 19. Bxd8 {[%emt 0:00:10]} Rxd8 {[%emt 0:00:01]} 20. Qd2 {[%emt 0:01:08]} Bc6 {[%emt 0:00:21]} 21. Qc2 {[%emt 0:00:40]} Qf7 {[%emt 0:00:23]} 22. Ng5 {[%emt 0:01:07]} Qf6 {[%emt 0:00:43]} 23. f4 {[%emt 0:01:48]} Bxf4 {[%emt 0:00:47]} 24. Rxf4 {[%emt 0:00:01]} Qxg5 {[%emt 0:00:01]} 25. Rf2 {[%emt 0:00:03]} d5 {[%emt 0:00:36]} 26. Rcf1 {[%emt 0:01:02]} dxc4 {[%emt 0:00:25]} 27. Bxc4 {[%emt 0:00:15]} Bd5 {[%emt 0:00:32]} 28. Bxd5 {[%emt 0:00:54]} Nxd5 {[%emt 0:00:11]} 29. Qe4 {[%emt 0:00:13]} e5 1-0

[Event "RUS-chT Rapid Men 2018"]
[Site "Sochi"]
[Date "2018.10.08"]
[Round "5"]
[White "Mochalin, Faddey"]
[Black "Yuffa, Daniil"]
[Result "0-1"]
[WhiteElo "2032"]
[BlackElo "2563"]
[Annotator "TA"]
[PlyCount "72"]
[EventDate "2018.10.05"]
[EventType "swiss"]
[EventCountry "RUS"]
[SourceTitle "playchess.com"]
[Source "ChessBase"]
[SourceQuality "1"]

{[%evp 11,72,0,20,-11,16,-13,-8,-1,-10,-42,-13,-12,-20,-29,0,-95,-95,-94,-93,-92,-86,-109,-108,-98,-87,-82,-57,-82,-89,-101,-93,-51,-10,-67,0,-60,0,-55,-63,-140,-131,-137,-55,-148,-152,-293,-302,-379,-379,-465,-446,-414,-406,-709,-289,-796,-779,-1334,-972,-29993,-29994,-29997,-29998]} 1. c4 g6 2. Nc3 Bg7 3. d4 c5 4. d5 Bxc3+ 5. bxc3 f5 6. e3 Nf6 {LiveBook: 3 Games. A40: Unusual replies to 1 d4} 7. Nh3 Qa5 8. Qb3 $146 ({Predecessor:} 8. Be2 d6 9. O-O Nbd7 10. f3 Ne5 11. a4 Bd7 12. Qc2 b5 13. cxb5 Nxd5 {1-0 (33) Mestel,A (2485)-Black,R (2240) England 1999}) 8... e5 {The position is equal.} 9. f4 exf4 10. Nxf4 O-O 11. Bd3 d6 12. O-O Nbd7 13. Bd2 (13. e4 $11 Nxe4 14. Ne6) 13... Ne5 $17 14. Be2 Bd7 15. a4 Rae8 16. Rfb1 b6 17. h3 Ne4 18. Be1 Rf6 19. Ra2 g5 20. Nh5 Rg6 21. Ng3 Nf6 22. Nh5 (22. Qc2 $11) 22... Ne4 23. Ng3 Nf6 24. Nh5 Rf8 $36 {[%mdl 2048] Black has good play.} 25. Bf2 ({White should play} 25. Nxf6+ $15 Rgxf6 26. h4) 25... Nxh5 26. Bxh5 Rg7 (26... Rh6 $17 27. Be2 f4 28. exf4 gxf4) 27. Be2 {[#]} (27. Bg3 $1 $15) 27... f4 $1 28. Rf1 (28. Bf1 $17 {was called for.}) 28... f3 $19 29. gxf3 Bxh3 30. Rc1 Nxf3+ 31. Bxf3 Rxf3 32. Kh2 (32. Qb5 $142 Qxb5 33. cxb5) 32... Bf5 (32... Qa6 $142 {And now ...Qc8 would win.} 33. Qb5 Qc8) 33. Rf1 $2 (33. e4 Bxe4 34. Re1) 33... Be4 34. Raa1 Rg6 {[%cal Bg7g6,Bg6h6,Bh6h1][%mdl 32] ( -> ...Rh6+)} 35. Qb5 Rh6+ 36. Kg1 {[#]} Rh1+ $1 {[%mdl 512] Precision: White = 22%, Black = 57%.} 0-1

[Event "RUS-chT Rapid Men 2018"]
[Site "Sochi"]
[Date "2018.10.09"]
[Round "6"]
[White "Nepomniachtchi, Ian"]
[Black "Triapishko, Alexandr"]
[Result "1-0"]
[WhiteElo "2759"]
[BlackElo "2508"]
[Annotator "TA"]
[PlyCount "73"]
[EventDate "2018.10.05"]
[EventType "swiss"]
[EventCountry "RUS"]
[SourceTitle "playchess.com"]
[Source "ChessBase"]
[SourceQuality "1"]

{[%evp 9,73,17,17,33,49,18,52,47,45,48,51,29,52,45,60,55,59,52,65,45,87,46,46,46,46,45,53,53,53,52,70,34,63,35,97,37,133,109,136,116,159,25,244,233,403,380,402,360,351,166,429,433,789,779,1290,1221,29981,29982,29985,29986,29984,29985,29989,29990,29990,29991]} 1. e4 c6 2. d4 d5 3. e5 Bf5 4. Nf3 e6 5. c3 Nd7 6. Be2 {B12: Caro-Kann: Advance Variation} Ne7 7. Nh4 (7. O-O h6 8. Nbd2 c5 9. dxc5 Nxc5 10. Nd4 Nd7 11. Nxf5 Nxf5 12. Bd3 Ne7 13. Nf3 Nc6 14. Re1 Qc7 15. Qe2 g5 {0-1 (50) Karjakin,S (2773)-Mamedyarov,S (2801) Saint Louis 2018}) 7... Bg6 8. Nd2 {White is slightly better.} Nf5 9. Nxg6 hxg6 10. O-O Be7 11. Nf3 Qc7 12. Re1 a6 $146 ({Predecessor:} 12... O-O-O 13. b4 Rh7 14. a4 Rdh8 15. h3 Qd8 16. Bd3 Nh4 17. Rb1 Nxg2 18. Kxg2 Rxh3 {0-1 (48) Glaubitz,F (2183)-Kroker,A (1656) DESC email 2002}) 13. a4 {[%cal Ba2a4,Ba4a5][%mdl 32]} c5 14. a5 Rc8 15. Qb3 cxd4 16. cxd4 Nb8 17. Bd2 Nc6 18. Qa4 O-O 19. g3 Qb8 20. Rec1 Rc7 21. Rc3 Rfc8 (21... g5 $14) 22. Rac1 (22. Kg2 $16) 22... Qa7 ({Black should try} 22... Bb4 $14) 23. Kg2 Bd8 24. b4 Kh7 25. h4 (25. g4 $16 Nh4+ 26. Nxh4 Qxd4 27. Rh3 Bxh4 28. Be3 (28. Rxh4+ Kg8 $16) 28... Qe4+ 29. Bf3 Qxb4 30. Qxb4 (30. Rxh4+ Kg8 $16) 30... Nxb4 31. Rxh4+ Kg8 32. Rd1) 25... f6 $2 {[#]} ({Don't blunder} 25... Nfxd4 $2 26. Be3 $18) (25... Ncxd4 $11 {and Black has nothing to worry.} 26. Rxc7 Rxc7 27. Rxc7 Nxf3) 26. exf6 $18 gxf6 $2 (26... Bxf6 27. Bf4 Re7) 27. Bd3 Kg7 28. Bxf5 gxf5 29. Bf4 (29. Re3 $142) 29... Rd7 $2 (29... Re7 {might work better.} 30. Re1 Bc7) 30. Re1 Kf7 (30... Re7 $142 31. Bd6 Re8) 31. Qd1 Bc7 {[#]} 32. Ng5+ $1 {[%mdl 512]} fxg5 33. Qh5+ {White mates.} Kg8 34. Qg6+ Kf8 35. Qf6+ Rf7 36. Qh8+ Ke7 37. Qxc8 {Precision: White = 49%, Black = 25%.} 1-0

[Event "RUS-chT Rapid Men 2018"]
[Site "Sochi"]
[Date "2018.10.09"]
[Round "6"]
[White "Artemiev, Vladislav"]
[Black "Bocharov, Ivan"]
[Result "1-0"]
[WhiteElo "2706"]
[BlackElo "2563"]
[Annotator "TA"]
[PlyCount "95"]
[EventDate "2018.10.05"]
[EventType "swiss"]
[EventCountry "RUS"]
[SourceTitle "playchess.com"]
[Source "ChessBase"]
[SourceQuality "1"]

{[%evp 10,95,27,29,25,14,27,22,24,-6,-4,-10,-3,-8,-11,-5,-8,-14,-7,-10,-11,-16,-15,-32,-18,-17,-7,0,-7,-14,0,0,0,0,18,-29,-25,-33,-29,-43,-5,-10,-16,-19,-6,-11,-13,0,0,0,0,0,0,0,0,-8,-5,-12,0,0,0,0,27,27,27,27,19,23,128,108,89,116,234,236,647,585,645,627,596,581,1396,1397,1460,1349,1539,1381,1554,1444]} 1. e4 e5 2. Nf3 Nc6 3. Bc4 Bc5 4. d3 Nf6 5. Nc3 d6 6. Na4 Bb6 {C50: Hungarian Defence and Giuoco Pianissimo} 7. a3 Be6 (7... h6 {looks sharper.} 8. O-O O-O 9. c3 Re8 10. Re1 Be6) (7... Ne7 8. Bg5 Ng6 9. Nxb6 axb6 10. Nh4 h6 11. Nxg6 fxg6 12. Be3 Qe7 13. O-O Be6 14. Bxe6 Qxe6 15. f4 exf4 16. Rxf4 O-O 17. Bd4 Nh5 18. Rxf8+ {½-½ (18) McShane,L (2669)-Adams,M (2706) Hull 2018}) 8. Nxb6 axb6 {The position is equal.} 9. Bb5 O-O 10. O-O $146 ({Predecessor:} 10. Bg5 Na7 11. Bc4 Bxc4 12. dxc4 {1-0 (66) Yousry,S (2304)-Mona,K (2125) Dubai 2015}) 10... Na7 11. Ba4 b5 12. Bb3 Bxb3 13. cxb3 h6 14. Be3 Nc6 15. Qc2 Re8 16. Rad1 Qd7 17. Nh4 Rad8 18. Nf5 Ne7 19. Ng3 Nc6 20. f3 d5 21. b4 Qe6 22. Ne2 Rd7 23. Rd2 Red8 24. Rfd1 Ne8 25. Qc5 dxe4 (25... d4 $5 26. Bf2 $8 Nd6 $11) 26. dxe4 Rxd2 27. Rxd2 Rxd2 28. Bxd2 Qb3 {[#] ...Qd1+ is the strong threat.} 29. Qc3 Qd1+ 30. Kf2 Nd6 31. Qc1 Qb3 32. Ke1 Nc4 33. Bc3 Nd8 34. Qd1 Qxd1+ 35. Kxd1 $11 {[%mdl 4096] Endgame KBN-KNN} Ne6 36. b3 Ne3+ 37. Kd2 Nxg2 38. Bxe5 Nh4 (38... h5 $11 {remains equal.}) 39. Ke3 $16 g5 40. Bg3 Ng6 (40... Ng2+ $16 41. Kd3 c6) 41. Nd4 $18 c6 $2 (41... Nxd4 42. Kxd4 Nf8) 42. Nxe6 {White is clearly winning.} fxe6 {[#] KB-KN} 43. Kd4 $1 b6 44. a4 Ne7 45. Ke5 Kf7 46. Kd6 bxa4 47. bxa4 Ke8 48. Kc7 {Precision: White = 66%, Black = 36%.} 1-0

[Event "RUS-chT Rapid Men 2018"]
[Site "Sochi"]
[Date "2018.10.09"]
[Round "6"]
[White "Dubov, Daniil"]
[Black "Alekseenko, Kirill"]
[Result "1/2-1/2"]
[WhiteElo "2703"]
[BlackElo "2639"]
[Annotator "TA"]
[PlyCount "115"]
[EventDate "2018.10.05"]
[EventType "swiss"]
[EventCountry "RUS"]
[SourceTitle "playchess.com"]
[Source "ChessBase"]
[SourceQuality "1"]

{[%evp 30,115,7,0,49,33,41,35,29,10,31,37,28,0,0,0,0,0,0,0,0,0,0,-16,0,0,0,0,12,9,25,7,22,13,21,0,0,3,8,0,0,0,0,7,1,0,0,0,0,0,0,0,0,0,1,1,8,0,2,0,0,0,8,0,0,0,0,0,0,0,0,0,0,0,0,0,8,8,8,8,8,8,8,8,8,0,10,8]} 1. e4 e5 2. Nf3 Nc6 3. Nc3 Nf6 4. d4 exd4 5. Nxd4 Bb4 6. Nxc6 bxc6 7. Bd3 d5 8. exd5 cxd5 9. O-O O-O 10. Bg5 c6 11. Qf3 Bd6 12. h3 h6 13. Bf4 Rb8 {C47: Schottisches Vierspringerspiel} 14. b3 Rb4 15. Bxd6 Qxd6 16. Rfe1 {LiveBook: 4 Partien} c5 $146 ({Vorgänger:} 16... Be6 17. Ne2 Rbb8 18. Nf4 Rbe8 19. Qg3 Nd7 20. c3 Nc5 {½-½ (79) Kovchan,A (2576)-Kazakov,M (2468) Lutsk 2015}) 17. Rad1 {Sxd5! ist eine echte Drohung.} Bb7 18. Qf5 Rd8 19. Qe5 Qxe5 20. Rxe5 Kf8 21. Ree1 Bc6 22. Ne2 a5 {[%cal Ba7a5,Ba5a4][%mdl 32]} 23. f3 a4 24. Kf2 Ra8 25. Rb1 Rab8 26. c3 R4b7 {[%cal Ra4b3]} 27. Bc2 axb3 28. axb3 Nd7 29. Ra1 Rb6 30. Ra5 Rb5 {Die Stellung ist ausgeglichen.} 31. Ra7 (31. Ra2 {is more complex.} Re8 32. Rd1 Rbb8 33. Nf4 Nf6 34. h4) 31... R5b7 32. Rea1 (32. Ra3 {feels hotter.} Nf6 33. h4 Re7 34. Ra5 Bb5 35. Nf4) 32... Rxa7 33. Rxa7 Ke7 34. Ke3 Kd6 35. Kd2 Ra8 36. Rxa8 Bxa8 $11 {[%mdl 4096] Endspiel KLS-KLS} 37. b4 Bc6 38. bxc5+ Nxc5 39. Ke3 Bd7 40. f4 Ne6 41. h4 Bb5 42. Ng3 Kc5 43. Nf5 f6 44. g4 Be8 45. Bd3 Bc6 46. Be2 Be8 47. Bd3 Bc6 48. Ba6 Bd7 49. h5 Nc7 50. Nxg7 {[#] Und weiter mit g5! wäre nett.} Bxg4 (50... Nxa6 51. g5 $18) 51. Bd3 Ne6 52. Ne8 Bxh5 53. Nxf6 Bf7 54. f5 d4+ 55. cxd4+ Nxd4 56. Ne4+ Kd5 57. Nf6+ Kc5 58. Ke4 {Precision: Weiß = 57%, Schwarz = 61%.} 1/2-1/2